[Event "16. Open de Figueres Miquel Mas 2015"]
[Site "Figueres ESP"]
[Date "2015.08.11"]
[Round "1.1"]
[White "Aymerich Verdaguer, Eduard"]
[Black "Bachmann, Axel"]
[Result "1/2-1/2"]
[WhiteElo "2091"]
[BlackElo "2623"]
[PlyCount "99"]
[EventDate "2015.08.11"]
[EventType "swiss"]
[EventRounds "9"]
[EventCountry "ESP"]
[Source "lmi"]
[SourceDate "2015.08.11"]

1. d4 Nf6 2. c4 e6 3. Nf3 Bb4+ 4. Bd2 a5 5. a3 Bxd2+ 6. Qxd2 b6 7. Nc3 Bb7 8.
Qc2 d5 9. cxd5 exd5 10. e3 O-O 11. Bd3 Nbd7 12. O-O Qe7 13. Nd2 c5 14. Rae1 g6
15. h3 Rac8 16. Qd1 Ne4 17. Bb5 Rfd8 18. Ndxe4 dxe4 19. Qa4 cxd4 20. exd4 Nf6
21. Re3 Rd6 22. Rfe1 Qd8 23. Rd1 h5 24. Bc4 Rc7 25. d5 Bxd5 26. Bxd5 Nxd5 27.
Nxd5 Rxd5 28. Rxd5 Qxd5 29. Qxe4 Rc1+ 30. Kh2 Qxe4 31. Rxe4 Rc2 32. b4 Rxf2 33.
bxa5 bxa5 34. Re5 Rf5 35. Rxf5 gxf5 36. Kg3 Kg7 37. Kf4 Kf6 38. h4 a4 39. g3
Ke6 40. Kg5 Ke5 41. Kxh5 f4 42. gxf4+ Kxf4 43. Kh6 Kg4 44. h5 Kh4 45. Kg7 Kxh5
46. Kxf7 Kg5 47. Ke6 Kg6 48. Kd5 Kf7 49. Kc4 Ke7 50. Kb4 1/2-1/2

[Event "16. Open de Figueres Miquel Mas 2015"]
[Site "Figueres ESP"]
[Date "2015.08.11"]
[Round "1.2"]
[White "Aroshidze, Levan"]
[Black "Soto Diaz, Jose Antonio"]
[Result "1-0"]
[WhiteElo "2535"]
[BlackElo "2086"]
[PlyCount "67"]
[EventDate "2015.08.11"]
[EventType "swiss"]
[EventRounds "9"]
[EventCountry "ESP"]
[Source "lmi"]
[SourceDate "2015.08.11"]

1. e4 e5 2. Nf3 Nc6 3. Bb5 a6 4. Ba4 Nf6 5. O-O b5 6. Bb3 Be7 7. Re1 O-O 8. a4
Bb7 9. d3 d6 10. Nbd2 Na5 11. Ba2 c5 12. Nf1 c4 13. Ne3 g6 14. Bd2 Nc6 15. dxc4
Nxe4 16. cxb5 axb5 17. axb5 Nd4 18. Nxd4 exd4 19. Nf1 Bh4 20. Ng3 d5 21. Bb4
Qf6 22. Qf3 Qxf3 23. gxf3 Ng5 24. Kg2 Rfe8 25. Rxe8+ Rxe8 26. Bb3 d3 27. cxd3
Ne6 28. Ne2 Nc5 29. Bxc5 Rxe2 30. Ra7 Rxb2 31. Ba4 Ra2 32. b6 Kg7 33. Rxb7 Rxa4
34. Ra7 1-0

[Event "16. Open de Figueres Miquel Mas 2015"]
[Site "Figueres ESP"]
[Date "2015.08.11"]
[Round "1.4"]
[White "Mellado Trivino, Juan"]
[Black "Ventura Bolet, Maxim"]
[Result "1-0"]
[WhiteElo "2442"]
[BlackElo "2069"]
[PlyCount "61"]
[EventDate "2015.08.11"]
[EventType "swiss"]
[EventRounds "9"]
[EventCountry "ESP"]
[Source "lmi"]
[SourceDate "2015.08.11"]

1. d4 d5 2. Nc3 Nf6 3. Bg5 Nbd7 4. Nf3 g6 5. Qd3 Bg7 6. O-O-O O-O 7. e4 dxe4 8.
Nxe4 c6 9. h4 Qa5 10. a3 Qf5 11. Re1 h6 12. Bd2 Nxe4 13. Rxe4 e5 14. g4 Qe6 15.
Kb1 f5 16. gxf5 gxf5 17. Rxe5 Nxe5 18. Nxe5 Kh7 19. Qe3 b5 20. Rg1 Bxe5 21.
dxe5 Rg8 22. Rxg8 Kxg8 23. Qxh6 Qxh6 24. Bxh6 Be6 25. Bg5 Bd5 26. Bd3 Kg7 27.
Bxf5 Kf7 28. f4 Be6 29. Be4 Bd5 30. Bxd5+ cxd5 31. f5 1-0

[Event "16. Open de Figueres Miquel Mas 2015"]
[Site "Figueres ESP"]
[Date "2015.08.11"]
[Round "1.5"]
[White "Benet Morant, Damia"]
[Black "Huerga Leache, Mikel"]
[Result "0-1"]
[WhiteElo "2067"]
[BlackElo "2436"]
[PlyCount "58"]
[EventDate "2015.08.11"]
[EventType "swiss"]
[EventRounds "9"]
[EventCountry "ESP"]
[Source "lmi"]
[SourceDate "2015.08.11"]

1. d4 Nf6 2. Nf3 c5 3. c4 cxd4 4. Nxd4 e5 5. Nb5 d5 6. cxd5 Bc5 7. N5c3 O-O 8.
g3 Qe7 9. Bg2 e4 10. e3 Bf5 11. O-O Nbd7 12. Nd2 Rac8 13. Qc2 Rfe8 14. Qb1 Bb6
15. a4 Ba5 16. d6 Qe5 17. Nb5 Bb6 18. b3 Bg4 19. Bb2 Qd5 20. Nc4 Qh5 21. Nxb6
axb6 22. Nc7 Re5 23. Bxe5 Nxe5 24. Rc1 Bh3 25. d7 Rf8 26. f4 exf3 27. Bxh3 f2+
28. Kg2 Qf3+ 29. Kf1 Nfg4 0-1

[Event "16. Open de Figueres Miquel Mas 2015"]
[Site "Figueres ESP"]
[Date "2015.08.11"]
[Round "1.6"]
[White "Munoz Pantoja, Miguel"]
[Black "Ryan, Martin"]
[Result "1-0"]
[WhiteElo "2434"]
[BlackElo "2064"]
[PlyCount "55"]
[EventDate "2015.08.11"]
[EventType "swiss"]
[EventRounds "9"]
[EventCountry "ESP"]
[Source "lmi"]
[SourceDate "2015.08.11"]

1. e4 c5 2. g3 d6 3. Bg2 Nc6 4. Ne2 g6 5. c3 Bg7 6. d4 cxd4 7. cxd4 Nf6 8. h3
O-O 9. Nbc3 h6 10. Be3 Kh7 11. O-O e5 12. Qd2 b6 13. f4 Ba6 14. Rf2 Rc8 15. g4
Nb4 16. Raf1 Nd3 17. Rf3 exf4 18. Bxf4 Nxf4 19. Rxf4 Kg8 20. Qe3 Nd7 21. R1f2
h5 22. gxh5 Bh6 23. Qg3 Bxf4 24. Nxf4 g5 25. h4 Kh8 26. hxg5 Rg8 27. Nh3 Bc4
28. Qxd6 1-0

[Event "16. Open de Figueres Miquel Mas 2015"]
[Site "Figueres ESP"]
[Date "2015.08.11"]
[Round "1.7"]
[White "Lillo Ferrer, Jose M|_"]
[Black "Stella, Andrea"]
[Result "1/2-1/2"]
[WhiteElo "2059"]
[BlackElo "2423"]
[PlyCount "69"]
[EventDate "2015.08.11"]
[EventType "swiss"]
[EventRounds "9"]
[EventCountry "ESP"]
[Source "lmi"]
[SourceDate "2015.08.11"]

1. d4 Nf6 2. Nf3 g6 3. Nc3 d5 4. Bf4 Bg7 5. e3 c5 6. Be2 O-O 7. O-O cxd4 8.
exd4 Nc6 9. Ne5 Bf5 10. Nxc6 bxc6 11. Be5 Bh6 12. Bxf6 exf6 13. Bd3 Bxd3 14.
Qxd3 Rb8 15. b3 Re8 16. Rfe1 Qa5 17. Rxe8+ Rxe8 18. g3 f5 19. Na4 Bf8 20. Kf1
Re4 21. c3 f4 22. g4 Qd8 23. Re1 Qe7 24. Re2 Qe6 25. f3 Re3 26. Rxe3 fxe3 27.
Qe2 Bd6 28. Nb2 f5 29. h3 fxg4 30. hxg4 h5 31. gxh5 Qh3+ 32. Kg1 Qg3+ 33. Kf1
Qh3+ 34. Kg1 Qg3+ 35. Kf1 1/2-1/2

[Event "16. Open de Figueres Miquel Mas 2015"]
[Site "Figueres ESP"]
[Date "2015.08.11"]
[Round "1.8"]
[White "Campos Moreno, Javier B"]
[Black "Serra Canals, Oriol"]
[Result "1-0"]
[WhiteElo "2422"]
[BlackElo "2037"]
[PlyCount "81"]
[EventDate "2015.08.11"]
[EventType "swiss"]
[EventRounds "9"]
[EventCountry "ESP"]
[Source "lmi"]
[SourceDate "2015.08.11"]

1. d4 e6 2. c4 d5 3. Nc3 Be7 4. Nf3 Nf6 5. Bg5 h6 6. Bh4 O-O 7. e3 b6 8. Bd3 c5
9. O-O cxd4 10. exd4 Nc6 11. Re1 Nb4 12. Bxf6 Bxf6 13. cxd5 Nxd3 14. Qxd3 exd5
15. Ne5 Be6 16. f4 Qd6 17. Nb5 Qb8 18. Rac1 Qb7 19. Rc7 Qa6 20. Qb3 Qa5 21. Rf1
g6 22. Rc3 Rac8 23. Nc7 Bxe5 24. fxe5 Kg7 25. Rfc1 Bf5 26. a3 Rcd8 27. Qd1 b5
28. Rc6 Qa4 29. Ra6 Qxd1+ 30. Rxd1 Bg4 31. Rc1 Rd7 32. Kf2 Rc8 33. Rac6 Kh7 34.
b4 Rb8 35. Ke3 Bf5 36. R1c5 Be4 37. g3 Rc8 38. Nxb5 Rb8 39. Nd6 Bg2 40. Rc7
Rbd8 41. Nxf7 1-0

[Event "16. Open de Figueres Miquel Mas 2015"]
[Site "Figueres ESP"]
[Date "2015.08.11"]
[Round "1.9"]
[White "Galarza Cenzano, Inigo"]
[Black "Di Nicolantonio, Lucas"]
[Result "1-0"]
[WhiteElo "2025"]
[BlackElo "2414"]
[PlyCount "101"]
[EventDate "2015.08.11"]
[EventType "swiss"]
[EventRounds "9"]
[EventCountry "ESP"]
[Source "lmi"]
[SourceDate "2015.08.11"]

1. e4 g6 2. d4 Bg7 3. Nc3 d6 4. Be3 a6 5. Bc4 Nf6 6. f3 b5 7. Bb3 Nbd7 8. a4 b4
9. Nd5 Nxd5 10. Bxd5 Rb8 11. Qd2 c5 12. Ne2 e6 13. Bc6 O-O 14. Bxd7 Qxd7 15.
dxc5 dxc5 16. Rd1 Qxd2+ 17. Rxd2 Bxb2 18. Bxc5 Re8 19. Bd6 Rb7 20. e5 a5 21.
Kf2 Bd7 22. Rb1 Ba3 23. c4 Bxa4 24. Nd4 Rd8 25. Ra2 Kg7 26. Ke3 Rc8 27. Kd3 Rd7
28. c5 g5 29. g3 Kg6 30. f4 h6 31. Ke4 g4 32. f5+ exf5+ 33. Nxf5 Re8 34. Nd4
f5+ 35. Kd5 Rdd8 36. Rf1 h5 37. Rxf5 Bb3+ 38. Nxb3 Kxf5 39. Rf2+ Kg6 40. Nxa5
Bc1 41. Nc6 b3 42. Nxd8 Rxd8 43. c6 b2 44. Rxb2 Bxb2 45. c7 Rh8 46. Ke6 Bd4 47.
Kd7 Rh7+ 48. Be7 Rh8 49. Bd8 Bb6 50. e6 h4 51. c8=Q 1-0

[Event "16. Open de Figueres Miquel Mas 2015"]
[Site "Figueres ESP"]
[Date "2015.08.11"]
[Round "1.10"]
[White "Alarcon Casellas, Rolando"]
[Black "Lopez Guaita, Fernando"]
[Result "1-0"]
[WhiteElo "2391"]
[BlackElo "2020"]
[PlyCount "75"]
[EventDate "2015.08.11"]
[EventType "swiss"]
[EventRounds "9"]
[EventCountry "ESP"]
[Source "lmi"]
[SourceDate "2015.08.11"]

1. d4 d5 2. Nf3 Nf6 3. c4 c6 4. Nbd2 Bf5 5. Nh4 Bg6 6. Qb3 Qb6 7. Qh3 Nbd7 8.
Nxg6 fxg6 9. e3 O-O-O 10. c5 Qc7 11. f4 e6 12. Bd3 Be7 13. O-O Kb8 14. b4 h5
15. Qxe6 Nf8 16. Qe5 Re8 17. Qxc7+ Kxc7 18. Nf3 Ne4 19. Bxe4 dxe4 20. Ne5 Bf6
21. Bd2 Bxe5 22. fxe5 Ne6 23. Rf7+ Kc8 24. Raf1 h4 25. h3 g5 26. a4 g4 27. hxg4
h3 28. Be1 hxg2 29. Kxg2 Ng5 30. Rxg7 Nf3 31. Bg3 Rhg8 32. Rxg8 Rxg8 33. Rh1
Rxg4 34. Rh8+ Kc7 35. Rh7+ Kc8 36. e6 Rg8 37. Rc7+ Kd8 38. e7+ 1-0

[Event "16. Open de Figueres Miquel Mas 2015"]
[Site "Figueres ESP"]
[Date "2015.08.12"]
[Round "2.1"]
[White "Axpe Balenciaga, Inigo"]
[Black "Aroshidze, Levan"]
[Result "0-1"]
[WhiteElo "2130"]
[BlackElo "2535"]
[PlyCount "64"]
[EventDate "2015.08.11"]
[EventType "swiss"]
[EventRounds "9"]
[EventCountry "ESP"]
[Source "lmi"]
[SourceDate "2015.08.11"]

1. d4 Nf6 2. c4 e6 3. Nc3 Bb4 4. Qc2 O-O 5. Nf3 c5 6. dxc5 Na6 7. a3 Bxc3+ 8.
Qxc3 Nxc5 9. b4 Nce4 10. Qc2 a5 11. Nd2 Nxf2 12. Kxf2 Ng4+ 13. Kg3 f5 14. Kf3
Ne5+ 15. Ke3 Ng4+ 16. Kf3 Qh4 17. g3 Qh5 18. Qc3 f4 19. Kg2 Ne3+ 20. Kg1 axb4
21. Qd3 b5 22. cxb5 Bb7 23. Nf3 Nxf1 24. Kxf1 Qh3+ 25. Ke1 fxg3 26. Bb2 Rxf3
27. exf3 Qg2 28. Qxd7 Qxh1+ 29. Kd2 Qxh2+ 30. Ke3 Qf2+ 31. Kf4 Rf8+ 32. Kg5
Rf5+ 0-1

[Event "16. Open de Figueres Miquel Mas 2015"]
[Site "Figueres ESP"]
[Date "2015.08.12"]
[Round "2.2"]
[White "Castillo Fernandez, Carles"]
[Black "Mellado Trivino, Juan"]
[Result "0-1"]
[WhiteElo "2126"]
[BlackElo "2442"]
[PlyCount "71"]
[EventDate "2015.08.11"]
[EventType "swiss"]
[EventRounds "9"]
[EventCountry "ESP"]
[Source "lmi"]
[SourceDate "2015.08.11"]

1. Nf3 d5 2. g3 Bg4 3. Bg2 Nc6 4. d4 Qd7 5. Bf4 O-O-O 6. Nc3 f6 7. h3 Bxf3 8.
Bxf3 g5 9. Be3 e6 10. h4 gxh4 11. Rxh4 Nge7 12. g4 Bg7 13. Bh6 Ng6 14. Rh1 Bxh6
15. Rxh6 Qg7 16. Rh1 e5 17. Bxd5 exd4 18. Be6+ Kb8 19. Ne4 Nf4 20. Bf5 Ne7 21.
Qd2 Ng2+ 22. Kf1 Nxf5 23. gxf5 Rhg8 24. Ng3 Ne3+ 25. Kg1 Nxf5 26. Qf4 Nxg3 27.
fxg3 Rde8 28. Rh2 Qg6 29. Rc1 Re4 30. Qf2 Rg4 31. Rg2 f5 32. Rd1 f4 33. Qxd4 b6
34. Qd3 Qh6 35. Qd5 fxg3 36. Qf3 0-1

[Event "16. Open de Figueres Miquel Mas 2015"]
[Site "Figueres ESP"]
[Date "2015.08.12"]
[Round "2.3"]
[White "Huerga Leache, Mikel"]
[Black "Juan Bartroli, Pau"]
[Result "1-0"]
[WhiteElo "2436"]
[BlackElo "2195"]
[PlyCount "191"]
[EventDate "2015.08.11"]
[EventType "swiss"]
[EventRounds "9"]
[EventCountry "ESP"]
[Source "lmi"]
[SourceDate "2015.08.11"]

1. Nf3 d5 2. c4 c6 3. e3 Nf6 4. Nc3 a6 5. Qc2 g6 6. d4 Bg7 7. Bd3 O-O 8. O-O b5
9. b3 Nbd7 10. Bb2 Bb7 11. Rfd1 Rc8 12. c5 Re8 13. Ne2 a5 14. h3 Qc7 15. Nf4
Ra8 16. Ne5 Nxe5 17. dxe5 Nd7 18. e6 Ne5 19. h4 Nxd3 20. Nxd3 Bc8 21. exf7+
Kxf7 22. Bxg7 Kxg7 23. Qc3+ Kg8 24. Ne5 Rf8 25. Qd4 Be6 26. f4 a4 27. b4 Rf5
28. g4 Rxe5 29. fxe5 Qd7 30. g5 Rf8 31. Rf1 Rxf1+ 32. Rxf1 Bf5 33. Qf4 Qe6 34.
a3 Kg7 35. h5 Kg8 36. Rf2 Kg7 37. hxg6 hxg6 38. Rh2 Qg8 39. Rh6 Be6 40. Kg2 Bf5
41. Kg1 Be6 42. Kf2 Bf5 43. Ke1 Be6 44. Qh2 Bf5 45. e6 Bxe6 46. Qc7 Kf7 47. Qh2
Kg7 48. Kd2 Bf5 49. Ke1 Be6 50. Qe5+ Kf7 51. Qh2 Kg7 52. Qe5+ Kf7 53. Rh8 Qg7
54. Qxg7+ Kxg7 55. Rb8 Kf7 56. Rb7 Ke8 57. Kd2 Bc8 58. Ra7 Kd8 59. Kd3 Bd7 60.
Kd4 Bc8 61. Ke5 Bd7 62. Ra8+ Bc8 63. Ra7 Bd7 64. Kd4 Bc8 65. Kd3 Bf5+ 66. Kd2
Bd7 67. Ke1 Bc8 68. Kf2 Bd7 69. Kg3 Bc8 70. Kf4 Bd7 71. Ke5 Bc8 72. Kf4 Bd7 73.
Kg3 Bc8 74. Kf2 Bd7 75. e4 dxe4 76. Ke3 Bc8 77. Kxe4 Bd7 78. Ke5 Bc8 79. Ra8
Kc7 80. Rxc8+ Kxc8 81. Ke6 Kd8 82. Kf7 e5 83. Kxg6 e4 84. Kf7 e3 85. g6 e2 86.
g7 e1=Q 87. g8=Q+ Kc7 88. Qg7 Qh1 89. Ke6+ Kb8 90. Qf8+ Kc7 91. Qf7+ Kb8 92.
Kd6 Qh6+ 93. Qe6 Qh1 94. Qe8+ Kb7 95. Qd7+ Kb8 96. Qc7+ 1-0

[Event "16. Open de Figueres Miquel Mas 2015"]
[Site "Figueres ESP"]
[Date "2015.08.12"]
[Round "2.4"]
[White "Colls Gelaberto, Emili"]
[Black "Munoz Pantoja, Miguel"]
[Result "0-1"]
[WhiteElo "2106"]
[BlackElo "2434"]
[PlyCount "54"]
[EventDate "2015.08.11"]
[EventType "swiss"]
[EventRounds "9"]
[EventCountry "ESP"]
[Source "lmi"]
[SourceDate "2015.08.11"]

1. Nf3 c5 2. c4 g6 3. d4 Bg7 4. e4 Nc6 5. dxc5 Qa5+ 6. Bd2 Qxc5 7. Nc3 Nf6 8.
Be2 d6 9. O-O Bg4 10. Be3 Qa5 11. Nd4 Bxe2 12. Qxe2 O-O 13. Rfd1 Rac8 14. Nd5
Nxd5 15. cxd5 Nxd4 16. Bxd4 Bxd4 17. Rxd4 Rc7 18. h4 Rfc8 19. Rd2 Rc1+ 20. Rxc1
Rxc1+ 21. Rd1 Rxd1+ 22. Qxd1 Qxa2 23. Qc2 b5 24. Qc8+ Kg7 25. Qc3+ f6 26. f3
Qc4 27. Qd2 a5 0-1

[Event "16. Open de Figueres Miquel Mas 2015"]
[Site "Figueres ESP"]
[Date "2015.08.12"]
[Round "2.5"]
[White "Parals Marce, Luis"]
[Black "Campos Moreno, Javier B"]
[Result "1/2-1/2"]
[WhiteElo "2093"]
[BlackElo "2422"]
[PlyCount "46"]
[EventDate "2015.08.11"]
[EventType "swiss"]
[EventRounds "9"]
[EventCountry "ESP"]
[Source "lmi"]
[SourceDate "2015.08.11"]

1. c4 Nf6 2. g3 g6 3. Bg2 Bg7 4. Nc3 O-O 5. e3 c6 6. Nge2 d5 7. cxd5 cxd5 8. d4
Nc6 9. Nf4 e6 10. O-O b6 11. Re1 Bb7 12. b3 Qd7 13. Ba3 Rfc8 14. Rc1 Bf8 15.
Bxf8 Kxf8 16. Bf1 Qe7 17. Bb5 Nd8 18. Bd3 Rc7 19. Qd2 Rac8 20. Qb2 Kg8 21. Nb5
Rxc1 22. Rxc1 Rxc1+ 23. Qxc1 Kf8 1/2-1/2

[Event "16. Open de Figueres Miquel Mas 2015"]
[Site "Figueres ESP"]
[Date "2015.08.12"]
[Round "2.6"]
[White "Ventura Bolet, Alexandre"]
[Black "Alarcon Casellas, Rolando"]
[Result "0-1"]
[WhiteElo "2075"]
[BlackElo "2391"]
[PlyCount "144"]
[EventDate "2015.08.11"]
[EventType "swiss"]
[EventRounds "9"]
[EventCountry "ESP"]
[Source "lmi"]
[SourceDate "2015.08.11"]

1. e4 c5 2. Nf3 e6 3. d4 cxd4 4. Nxd4 Nc6 5. Nc3 Qc7 6. Be2 a6 7. Be3 Nf6 8.
O-O Bb4 9. Nxc6 bxc6 10. f4 Bxc3 11. bxc3 c5 12. Bf3 Bb7 13. Qd3 O-O 14. e5 c4
15. Qd4 Nd5 16. Bxd5 Bxd5 17. f5 Qc6 18. f6 Be4 19. Rf4 Bxc2 20. fxg7 Rfb8 21.
Raf1 Bg6 22. Rf6 Rb2 23. Qg4 Bf5 24. Qg5 Qe4 25. Rxf7 Rxg2+ 26. Qxg2 Qxg2+ 27.
Kxg2 Kxf7 28. Rf4 Rb8 29. Rxc4 Rb2+ 30. Kg3 Kxg7 31. Ra4 Re2 32. Bf4 Be4 33.
Rxa6 Kg6 34. Rd6 Rg2+ 35. Kh4 Rf2 36. Bg5 Rxa2 37. Rxd7 Bd5 38. Rd8 Ra4+ 39.
Kh3 Rc4 40. Rf8 Rxc3+ 41. Kh4 Kg7 42. Rf2 Bf3 43. Bf4 Kg6 44. Bg3 Kf5 45. Rf1
Rd3 46. Rf2 Ra3 47. Rf1 Rc3 48. Rf2 Rc4+ 49. Kh3 Ke4 50. Ra2 Rc3 51. Ra4+ Kf5
52. Kh4 Be4 53. Rb4 Rc8 54. Rb2 Rc4 55. Rf2+ Bf3+ 56. Kh3 Ke4 57. Ra2 h5 58.
Rb2 Ra4 59. Rc2 Kd3 60. Rf2 Ke3 61. Rb2 Bd5 62. Rf2 h4 63. Rb2 hxg3 64. hxg3
Ke4 65. Re2+ Kf5 66. Re1 Re4 67. Rf1+ Kxe5 68. g4 Rf4 69. Rg1 Kf6 70. Kg3 Kg5
71. Kh3 Rf3+ 72. Kh2 Kh4 0-1

[Event "16. Open de Figueres Miquel Mas 2015"]
[Site "Figueres ESP"]
[Date "2015.08.12"]
[Round "2.7"]
[White "Valles, Manuel"]
[Black "Menac Comas, Joan Ramon"]
[Result "1-0"]
[WhiteElo "2386"]
[BlackElo "2115"]
[PlyCount "43"]
[EventDate "2015.08.11"]
[EventType "swiss"]
[EventRounds "9"]
[EventCountry "ESP"]
[Source "lmi"]
[SourceDate "2015.08.11"]

1. d4 d5 2. c4 e6 3. Nf3 c6 4. Qc2 dxc4 5. Qxc4 Nf6 6. g3 b5 7. Qd3 Bb7 8. Bg2
a6 9. a4 Qb6 10. Nc3 c5 11. dxc5 Bxc5 12. O-O Nc6 13. axb5 Nb4 14. Qc4 Rc8 15.
Qh4 axb5 16. Bh6 Bxf2+ 17. Rxf2 Rc4 18. Qg5 Rxc3 19. Qxg7 Ke7 20. Bg5 Nbd5 21.
bxc3 Rg8 22. Qxg8 1-0

[Event "16. Open de Figueres Miquel Mas 2015"]
[Site "Figueres ESP"]
[Date "2015.08.12"]
[Round "2.8"]
[White "Sole Pijuan, Ferran"]
[Black "Gonzalez Rodriguez, Jorge A"]
[Result "1-0"]
[WhiteElo "1867"]
[BlackElo "2369"]
[PlyCount "79"]
[EventDate "2015.08.11"]
[EventType "swiss"]
[EventRounds "9"]
[EventCountry "ESP"]
[Source "lmi"]
[SourceDate "2015.08.11"]

1. d4 Nf6 2. c4 c5 3. d5 e5 4. Nc3 d6 5. e4 g6 6. g3 Bg7 7. Bg2 O-O 8. Nge2 Na6
9. O-O Bd7 10. h3 Kh8 11. Bg5 h6 12. Be3 Nh5 13. Kh2 Qe7 14. Qd2 Kh7 15. Rae1
Nc7 16. f4 b5 17. b3 Rab8 18. f5 bxc4 19. bxc4 Rb4 20. Bxc5 Rxc4 21. Be3 Nb5
22. g4 Nxc3 23. gxh5 Nxe2 24. Qxe2 Ra4 25. fxg6+ fxg6 26. hxg6+ Kxg6 27. Rxf8
Qxf8 28. Rf1 Qe7 29. Bf3 Kh7 30. Qg2 Be8 31. Bg4 Bg6 32. Bf5 Qf6 33. Rf2 Bxf5
34. Rxf5 Qg6 35. Qc2 Qe8 36. Qf2 Rxe4 37. Rf7 Rxe3 38. Qf5+ Kg8 39. Rc7 Bf8 40.
Qh7# 1-0

[Event "16. Open de Figueres Miquel Mas 2015"]
[Site "Figueres ESP"]
[Date "2015.08.12"]
[Round "2.9"]
[White "Paraschiv, Petronela-Alexandra"]
[Black "Serra Pages, Jordi"]
[Result "0-1"]
[WhiteElo "1494"]
[BlackElo "2235"]
[PlyCount "100"]
[EventDate "2015.08.11"]
[EventType "swiss"]
[EventRounds "9"]
[EventCountry "ESP"]
[Source "lmi"]
[SourceDate "2015.08.11"]

1. c4 Nf6 2. Nc3 d5 3. cxd5 Nxd5 4. g3 g6 5. Bg2 Nb6 6. Nf3 Bg7 7. O-O Nc6 8.
d3 O-O 9. h3 e5 10. Ne1 Nd4 11. Nc2 c6 12. Ne4 Qe7 13. f4 f5 14. Nc3 Be6 15. e3
Nxc2 16. Qxc2 Rad8 17. b3 Qd6 18. Rd1 exf4 19. gxf4 Nd5 20. Bxd5 Bxd5 21. d4
Rfe8 22. Nxd5 Qxd5 23. Qc4 c5 24. Qxd5+ Rxd5 25. Kf2 cxd4 26. Rb1 d3 27. b4 Rc8
28. Bd2 Rc2 29. a3 Bc3 30. Ke1 Bb2 31. Kf1 Kf7 32. Bc1 Bxc1 33. Rbxc1 Ke6 34.
h4 Rd7 35. Rb1 Rh2 36. Rbc1 d2 37. Rc2 Rh1+ 38. Ke2 Rxh4 39. Rcxd2 Rh2+ 40. Ke1
Rh1+ 41. Ke2 Rxd1 42. Rxd1 Rxd1 43. Kxd1 Kd5 44. Ke2 Ke4 45. a4 h6 46. b5 b6
47. Kf2 g5 48. fxg5 hxg5 49. Ke2 g4 50. Kf2 Kd3 0-1

[Event "16. Open de Figueres Miquel Mas 2015"]
[Site "Figueres ESP"]
[Date "2015.08.12"]
[Round "2.10"]
[White "Fernandez, Maria Florencia"]
[Black "Galarza Cenzano, Inigo"]
[Result "1-0"]
[WhiteElo "2222"]
[BlackElo "2025"]
[PlyCount "81"]
[EventDate "2015.08.11"]
[EventType "swiss"]
[EventRounds "9"]
[EventCountry "ESP"]
[Source "lmi"]
[SourceDate "2015.08.11"]

1. d4 Nf6 2. c4 g6 3. Nc3 Bg7 4. e4 d6 5. h3 O-O 6. Bg5 Nbd7 7. Nf3 e5 8. d5 a5
9. Be2 Nc5 10. Nd2 a4 11. O-O Bd7 12. Qc2 Qe8 13. b4 axb3 14. axb3 Rxa1 15.
Rxa1 h6 16. Be3 Nh7 17. b4 Na6 18. Qb3 f5 19. f3 f4 20. Bf2 Ng5 21. c5 Nb8 22.
Ra8 Qc8 23. c6 Bxh3 24. gxh3 Nxh3+ 25. Kg2 Bf6 26. Bf1 g5 27. Ba7 g4 28. Rxb8
gxf3+ 29. Kxf3 Ng1+ 30. Bxg1 Qxb8 31. Bh3 Qe8 32. cxb7 Kh8 33. Qa4 Qh5+ 34. Bg4
Qh1+ 35. Kf2 Qh4+ 36. Kf1 Qxg4 37. Qa8 Qh3+ 38. Ke2 f3+ 39. Kd1 Bd8 40. b8=Q
Qg4 41. Bf2 1-0

[Event "16. Open de Figueres Miquel Mas 2015"]
[Site "Figueres ESP"]
[Date "2015.08.13"]
[Round "3.1"]
[White "Aroshidze, Levan"]
[Black "Valles, Manuel"]
[Result "1/2-1/2"]
[WhiteElo "2535"]
[BlackElo "2386"]
[PlyCount "61"]
[EventDate "2015.08.11"]
[EventType "swiss"]
[EventRounds "9"]
[EventCountry "ESP"]
[Source "lmi"]
[SourceDate "2015.08.11"]

1. e4 c5 2. Nf3 Nc6 3. d4 cxd4 4. Nxd4 g6 5. Nc3 Bg7 6. Be3 Nf6 7. Bc4 Qa5 8.
O-O O-O 9. Bb3 d6 10. h3 Bd7 11. Re1 Rfc8 12. Qe2 Qh5 13. Qxh5 Nxh5 14. Rad1
Na5 15. Nd5 Kf8 16. c3 e6 17. Nb4 Nc4 18. Bxc4 Rxc4 19. f3 Nf6 20. Ne2 Ne8 21.
Rd2 a5 22. Nc2 b5 23. a3 Rb8 24. Bf4 e5 25. Bg3 Bh6 26. Rd3 Be6 27. Ne3 Bxe3+
28. Rxe3 b4 29. axb4 axb4 30. b3 Rc6 31. c4 1/2-1/2

[Event "16. Open de Figueres Miquel Mas 2015"]
[Site "Figueres ESP"]
[Date "2015.08.13"]
[Round "3.2"]
[White "Mellado Trivino, Juan"]
[Black "Fernandez, Maria Florencia"]
[Result "1/2-1/2"]
[WhiteElo "2442"]
[BlackElo "2222"]
[PlyCount "42"]
[EventDate "2015.08.11"]
[EventType "swiss"]
[EventRounds "9"]
[EventCountry "ESP"]
[Source "lmi"]
[SourceDate "2015.08.11"]

1. d4 g6 2. e4 Bg7 3. Nc3 d6 4. Bg5 a6 5. Nf3 b5 6. a4 b4 7. Nd5 Bb7 8. Bc4 Nf6
9. O-O O-O 10. Re1 Nbd7 11. Nxb4 Nxe4 12. Bh4 Nb6 13. Bxa6 Rxa6 14. Rxe4 Bxe4
15. Nxa6 Qd7 16. a5 Nd5 17. c4 Nf4 18. Bg3 Nh5 19. Nb4 f5 20. a6 f4 21. Bh4 h6
1/2-1/2

[Event "16. Open de Figueres Miquel Mas 2015"]
[Site "Figueres ESP"]
[Date "2015.08.13"]
[Round "3.3"]
[White "Alarcon Casellas, Rolando"]
[Black "Huerga Leache, Mikel"]
[Result "0-1"]
[WhiteElo "2391"]
[BlackElo "2436"]
[PlyCount "148"]
[EventDate "2015.08.11"]
[EventType "swiss"]
[EventRounds "9"]
[EventCountry "ESP"]
[Source "lmi"]
[SourceDate "2015.08.11"]

1. d4 Nf6 2. Bg5 Ne4 3. Bf4 c5 4. d5 Qb6 5. Nd2 Nxd2 6. Bxd2 Qxb2 7. e4 g6 8.
Rb1 Qd4 9. Bd3 Bg7 10. Ne2 Qa4 11. Rb5 b6 12. Nc3 Qd4 13. Rb3 Ba6 14. Be3 Qf6
15. Nb5 Bxb5 16. Bxb5 Qe5 17. O-O O-O 18. Re1 Qc7 19. Bc4 e5 20. d6 Qd8 21. Qd2
Nc6 22. Bg5 Bf6 23. Bh6 Na5 24. Bxf8 Nxb3 25. Qd5 Qxf8 26. cxb3 Kg7 27. Re3 Rb8
28. a4 Qe8 29. Rf3 h6 30. g3 h5 31. h4 Qe6 32. Qd3 Qe8 33. Kg2 Qf8 34. Qd2 Qe8
35. Kh3 Rc8 36. Kg2 Rb8 37. Rd3 Rc8 38. Qc3 Rb8 39. Qd2 Rc8 40. Qd1 Rd8 41. Qh1
Qh8 42. Qa1 a5 43. Rd5 Kf8 44. Qc3 Re8 45. Rd3 Kg7 46. Rd1 Qh6 47. Qd3 g5 48.
Qd5 Qg6 49. hxg5 Bxg5 50. Rd3 h4 51. Rf3 Re6 52. Qb7 Rf6 53. Rxf6 Kxf6 54. Bd5
hxg3 55. Qxd7 gxf2 56. Bxf7 f1=Q+ 57. Kxf1 Qxf7 58. Qc6 Qxb3 59. d7+ Kg7 60.
Qc7 Qf3+ 61. Ke1 Qxe4+ 62. Kf2 Qh4+ 63. Ke2 Qe4+ 64. Kf2 Bh4+ 65. Kg1 Qg4+ 66.
Kh1 Qd1+ 67. Kh2 Kg6 68. Kh3 Bf6 69. Qc6 Qd3+ 70. Kh2 e4 71. Qe6 Qd2+ 72. Kh3
Qh6+ 73. Kg2 Qg5+ 74. Kh2 Qe5+ 0-1

[Event "16. Open de Figueres Miquel Mas 2015"]
[Site "Figueres ESP"]
[Date "2015.08.13"]
[Round "3.4"]
[White "Munoz Pantoja, Miguel"]
[Black "Sole Pijuan, Ferran"]
[Result "1-0"]
[WhiteElo "2434"]
[BlackElo "1867"]
[PlyCount "63"]
[EventDate "2015.08.11"]
[EventType "swiss"]
[EventRounds "9"]
[EventCountry "ESP"]
[Source "lmi"]
[SourceDate "2015.08.11"]

1. e4 e5 2. d4 exd4 3. Qxd4 Nc6 4. Qe3 Nf6 5. Bd2 Bb4 6. Nc3 O-O 7. O-O-O Re8
8. Bc4 Na5 9. Be2 Nc6 10. Qg3 Nxe4 11. Nxe4 Rxe4 12. Bf4 d6 13. Bd3 Re8 14. Nf3
Be6 15. Bh6 g6 16. Ng5 d5 17. h4 Bd6 18. f4 Qf6 19. Nxh7 Kxh7 20. Bg5 Qg7 21.
h5 Kg8 22. hxg6 f5 23. Rh7 Qxg6 24. Rh8+ Kf7 25. Rh6 Qg7 26. Qh4 Rh8 27. Qh5+
Kg8 28. Rxh8+ Qxh8 29. Qg6+ Qg7 30. Qxe6+ Qf7 31. Bxf5 Re8 32. Bh7+ 1-0